书目信息 |
| 题名: |
堂·吉诃德
|
|
| 作者: | 《少年成长必读中外名著丛书》编委会 编 | |
| 分册: | ||
| 出版信息: | 延吉 延边大学出版社 2006.01 |
|
| 页数: | 152页 | |
| 开本: | 19cm | |
| 丛书名: | 少年成长必读中外名著丛书 | |
| 单 册: | ||
| 中图分类: | I551.43 | |
| 科图分类: | ||
| 主题词: | 长篇小说--西班牙--中世纪--缩写本 | |
| 电子资源: | ||
| ISBN: | 7-5634-2116-5 | |
| 000 | 00875nam0 2200241 450 | |
| 001 | 400483 | |
| 005 | 20070606093837.36 | |
| 010 | @a7-5634-2116-5@dCNY19.80 | |
| 100 | @a20051109d2006 ekmy0 y0120 ea | |
| 101 | 1 | @achi@cspa |
| 102 | @aCN@b220000 | |
| 105 | @ay z 000yy | |
| 200 | 1 | @a堂·吉诃德@ATang· Ji He De@f《少年成长必读中外名著丛书》编委会编@F《 Shao Nian Cheng Chang Bi Dou Zhong Wai Ming Zhu Cong Shu》 Bian Wei Hui Bian |
| 210 | @a延吉@c延边大学出版社@d2006.01 | |
| 215 | @a152页@d19cm | |
| 225 | 2 | @a少年成长必读中外名著丛书 |
| 410 | 0 | @12001 @a少年成长必读中外名著丛书 |
| 606 | 0 | @a长篇小说@y西班牙@z中世纪@j缩写本 |
| 690 | @aI551.43@v4 | |
| 701 | 0 | @a《少年成长必读中外名著丛书》编委会@A《 Shao Nian Cheng Chang Bi Dou Zhong Wai Ming Zhu Cong Shu》 Bian Wei Hui@4编 |
| 801 | 0 | @aCN@c20070606 |
| 905 | @aBZT@dI551.43@e1 | |
| 906 | @dCNY19.80@n0@r1 | |
| 堂·吉诃德/《少年成长必读中外名著丛书》编委会编.-延吉:延边大学出版社,2006.01 |
| 152页;19cm.-(少年成长必读中外名著丛书) |
| ISBN 7-5634-2116-5:CNY19.80 |
| ● |
| 相关链接 |
|
|
|
正题名:堂·吉诃德
索取号:I551.43/1
 
预约/预借
| 序号 | 登录号 | 条形码 | 馆藏地/架位号 | 状态 | 备注 |
| 1 | 542354 | 230112847 | 中心书库中库/打包BH0185/ [索取号:I551.43/1] | 在馆 | |
| 2 | 542355 | 230112846 | 中心书库中库/打包BH0185/ [索取号:I551.43/1] | 在馆 | |
| 3 | 542356 | 230112845 | 中心书库中库/打包BH0185/ [索取号:I551.43/1] | 在馆 | |
| 4 | 542357 | 230112844 | 中心书库中库/打包BH0185/ [索取号:I551.43/1] | 在馆 | |
| 5 | 542358 | 230112843 | 中心书库中库/打包BH0185/ [索取号:I551.43/1] | 在馆 | |
| 6 | 542359 | 230112842 | 中心书库中库/打包BH0185/ [索取号:I551.43/1] | 在馆 | |
| 7 | 542360 | 230112841 | 中心书库中库/打包BH0185/ [索取号:I551.43/1] | 在馆 | |
| 8 | 542361 | 230112840 | 中心书库中库/打包BH0185/ [索取号:I551.43/1] | 在馆 | |
| 9 | 542362 | 230112839 | 中心书库中库/打包BH0185/ [索取号:I551.43/1] | 在馆 | |
| 10 | 542363 | 230112838 | 中心书库中库/打包BH0185/ [索取号:I551.43/1] | 在馆 |